| 000 | 02360cam a2200253 4500 | ||
|---|---|---|---|
| 001 | ##E134844 | ||
| 008 | 000000n2005 000 0 eng u | ||
| 020 | _a0755928652 | ||
| 035 | _a(Sirsi) u134844 | ||
| 041 | 0 | _aeng | |
| 050 | 0 | 4 |
_a711.1 _c18 |
| 110 | 2 |
_aScottish Executive Development Department _93786 |
|
| 245 | 0 | 0 |
_aPlanning reforms _ban impact assessment _bsocial research report |
| 260 |
_aEdinburgh _bScottish Executive Development Department _c2005 |
||
| 300 |
_a114p. _c30cm+ _eIncludes summary sheet of findings Research Findings No. 213/2005 |
||
| 505 | 0 | _aIntroduction -- Methodology -- National developments and the national planning framework -- Modernising development plans/DP efficiency -- Major developments -- Local developments -- Development management efficiency -- Minor developments -- Inclusion -- Enforcement -- Other -- Conclusions | |
| 520 | _aThis research report provides an independent assessment of the resource implications of the Planning reform proposals contained in the Planning White Paper Modernising the Planning System (June 2005), looking at the adequacy of the existing staff and financial resources available to local authority planning departments. The assessment follows Arup's Resources for Planning (2005) study (ISBN 0755928644). In general, the research concludes that the reform proposals would largely have an effect of increasing the costs of Planning by about £261,000 per authority relative to the operation of the current system. Although many of the measures will allow the system to operate more efficiently, the cost saving effect will be offset by other requirements. Additional costs arising from the reforms need also to be considered in the context that the current planning service has not been given the resource priority it has needed to operate effectively in recent years. Additional resources will be required to address this situation. | ||
| 520 | _aThe views expressed in this report are those of the researcher and do not necessarily represent those of the Department or Scottish Ministers. | ||
| 651 | 4 |
_aScotland _y1999- |
|
| 690 | _aMANAGEMENT-BUSINESS MANAGEMENT-BUSINESS PLANNING | ||
| 710 | 2 | _aOve Arup and Partners | |
| 856 | 4 | 0 |
_uhttps://www.scotland.gov.uk/Publications/2005/12/1694823/48239 _zView report free of charge at www.scotland.gov.uk/... |
| 942 | _n0 | ||
| 999 |
_c105817 _d105817 |
||